<?xml version="1.0" encoding="UTF-8"?>
<marc:record xmlns:marc="http://www.loc.gov/MARC21/slim">
   <marc:leader>00000nam a2200000 a 4500</marc:leader>
   <marc:datafield ind1="1" ind2=" " tag="100">
      <marc:subfield code="a">Maier, Bernhard</marc:subfield>
      <marc:subfield code="4">aut</marc:subfield>
      <marc:subfield code="e">Verfasser/-in</marc:subfield>
   </marc:datafield>
   <marc:datafield ind1=" " ind2=" " tag="653">
      <marc:subfield code="a">t||Koran</marc:subfield>
   </marc:datafield>
   <marc:datafield ind1=" " ind2=" " tag="653">
      <marc:subfield code="a">Wörterbuch</marc:subfield>
   </marc:datafield>
   <marc:datafield ind1="0" ind2="0" tag="245">
      <marc:subfield code="a">Koran-Lexikon</marc:subfield>
   </marc:datafield>
   <marc:datafield ind1="0" ind2="0" tag="245">
      <marc:subfield code="c">Bernhard Maier</marc:subfield>
   </marc:datafield>
   <marc:datafield ind1=" " ind2="1" tag="264">
      <marc:subfield code="a">Stuttgart</marc:subfield>
      <marc:subfield code="b">Kröner</marc:subfield>
      <marc:subfield code="c">2001</marc:subfield>
   </marc:datafield>
   <marc:datafield ind1="1" ind2=" " tag="490">
      <marc:subfield code="a">Kröners Taschenausgabe ; 348</marc:subfield>
      <marc:subfield code="v">348</marc:subfield>
   </marc:datafield>
   <marc:datafield ind1="1" ind2=" " tag="520">
      <marc:subfield code="a">An dem Tag, als ich mir das Koran-Lexikon zur Besprechung vorgenommen hatte, meldete KNA die Erfolge zweier Bischöfe im Verkauf von Lotterielosen zur Finanzierung des Weltjugendtages. War da nicht was von einem Verbot im Koran (, der natürlich für die Bischöfe keine Richtschnur darstellt)? Tatsächlich, Bernhard Maier hat daran gedacht und erläutert unter dem Stichwort &#x84;Losspiel&#x93;, dass Sure 5,90 dieses zusammen mit Alkohol als Greuel und Satanswert verurteilt. Die Gläubigen sollten es meiden, da es zu Feindschaft und Hass führe und vom Gedenken Gottes und vom Gebet abhalte.</marc:subfield>
   </marc:datafield>
   <marc:datafield ind1=" " ind2=" " tag="020">
      <marc:subfield code="a">3520348012</marc:subfield>
      <marc:subfield code="9">3520348012</marc:subfield>
   </marc:datafield>
   <marc:datafield ind1=" " ind2=" " tag="500">
      <marc:subfield code="a">Literaturangaben</marc:subfield>
   </marc:datafield>
   <marc:datafield ind1=" " ind2=" " tag="300">
      <marc:subfield code="a">xiv, 210 S.; 18 cm</marc:subfield>
   </marc:datafield>
</marc:record>
